| 000 | 02251nam0a2200361 4500 | ||
|---|---|---|---|
| 001 | RU\NLR\BIBL_A\022668227 | ||
| 005 | 20260210143550.0 | ||
| 010 |
_a978-5-6048652-9-3 _9150 |
||
| 021 |
_aRU _bКН-П-25-052955 _9КН-П-25-5106 |
||
| 035 | _a(NLR Aleph) 022668227 | ||
| 090 |
_a13552007 _c13552007 |
||
| 100 | _a20251118d2024 u y0rusy50 ca | ||
| 101 | 0 | _arus | |
| 102 | _aRU | ||
| 105 | _aach z 000cd | ||
| 181 | 0 |
_ai3 _baxxe |
|
| 182 | 0 | _an | |
| 200 | 1 |
_aНесметная полка _eкнига литературных очерков об уральских прозаиках "послебажовского" периода _e[красная книга русской словесности, 25 прозаиков "послебажовского" периода, картотека книгоизданий свердловских авторов, записки о писателях] _fЕвгений Иванов _g[Свердловская областная универсальная научная библиотека им. В. Г. Белинского] |
|
| 203 |
_aТекст _bвизуальный _cнепосредственный |
||
| 210 |
_aЕкатеринбург _cГосударственное автономное учреждение культуры Свердловской области "Свердловская областная универсальная научная библиотека им. В. Г. Белинского" (ГАУК СО "СОУНБ им. В. Г. Белинского") _d2024 |
||
| 215 |
_a238, [1] с. _cил., портр., факс., цв. ил., цв. портр. _d20х20 |
||
| 300 | _aНа обл. авт. не указан | ||
| 320 | _aБиблиогр. в конце ст. и в тексте | ||
| 333 | _a16+ | ||
| 606 | 1 |
_aРусская советская литература _yУрал _92038618 _3RU\NLR\AUTH\66939664 |
|
| 686 | 2 | _aШ5(2=Р)7-379 | |
| 700 | 1 |
_7ca _8rus _aИванов _bЕ. С. _cменеджер, библиотечное дело _gЕвгений Сергеевич _92694306 _3RU\NLR\AUTH\770289146 |
|
| 942 | _cBOOK | ||
| 980 | _aNB | ||